000
00352nam a2200145Ia 4500
008
151213s9999 xx 000 0 und d
100
_a
Joseph A. Mannino
245
_a
Human Biology
_c
Joseph A. Mannino
260
_a
Boston
_b
Mosby
_c
1995
300
_a
1240 p.
650
_a
Biology
650
_a
Biology
700
_a
Joseph A. Mannino
999
_c
1073
_d
1073